|
|
|
|
| LEADER |
00000cam a2200000 4500 |
| 001 |
vtls012019107 |
| 003 |
SK-MaSNL |
| 005 |
20260301121852.0 |
| 008 |
210322s2020 xo oa grf 000 0 slo |
| 015 |
|
|
|a SNBA2021/08
|
| 020 |
|
|
|a 9788055650074
|q (viazané)
|
| 040 |
|
|
|a SNK
|b slo
|c SNK
|e rda
|
| 041 |
1 |
|
|a slo
|h eng
|
| 044 |
|
|
|a xo
|c SK
|
| 072 |
|
7 |
|a 75
|x Maliarstvo
|2 konspekt
|
| 080 |
|
|
|a 75.02
|2 2001
|
| 080 |
|
|
|a 72/76:37.016
|2 2011
|
| 080 |
|
|
|a 75
|2 2011
|
| 240 |
1 |
4 |
|a The Complete Beginners Guide to Drawing
|l Slovensky
|
| 245 |
1 |
0 |
|a Kreslenie
|b veľká škola pre začiatočníkov
|c z anglického originálu The Complete Beginners Guide to Drawing ... preložila Janka Jurečková ; editor Andrej Šútovec
|
| 246 |
1 |
|
|i Obálkový podnázov:
|a Viac ako 200 techník, rád a lekcií
|
| 250 |
|
|
|a Prvé slovenské vydanie
|
| 264 |
|
1 |
|a Bratislava
|b Slovart
|c 2020
|
| 300 |
|
|
|a 237 strán
|b fotografie, ilustrácie
|c 31 cm
|
| 336 |
|
|
|a text
|b txt
|2 rdacontent
|
| 337 |
|
|
|a bez média
|b n
|2 rdamedia
|
| 338 |
|
|
|a zväzok
|b nc
|2 rdacarrier
|
| 650 |
0 |
7 |
|a maliarske techniky
|2 SNKPH
|9 3129
|
| 650 |
0 |
7 |
|a výtvarná výchova
|2 SNKPH
|9 2777
|
| 650 |
0 |
7 |
|a maľba
|2 SNKPH
|9 24532
|
| 650 |
0 |
7 |
|a Painting techniques
|2 SNKPHeng
|9 306922
|
| 650 |
0 |
7 |
|a Art education
|2 SNKPHeng
|9 303109
|
| 650 |
0 |
7 |
|a Painting
|2 SNKPHeng
|9 294628
|
| 655 |
|
7 |
|a príručky
|2 SNKPH
|9 74364
|
| 655 |
|
7 |
|a Handbooks, manuals, etc.
|2 SNKPHeng
|9 90964
|
| 700 |
1 |
|
|a Jurečková, Janka
|4 trl
|9 66453
|
| 700 |
1 |
|
|a Šútovec, Andrej
|4 edt
|9 60963
|
| 919 |
|
|
|a 978-80-556-5007-4
|
| 958 |
|
|
|a OP
|
| 968 |
|
|
|b ENG
|
| 999 |
|
|
|c 730883
|d 732813
|
| 952 |
|
|
|a SNK
|b SNK
|y PREZ
|7 0
|p 17A1452710
|o snkSB 96707
|i snk2021/5701
|8 0
|0 0
|1 0
|4 0
|d 2021-05-26
|f 1
|l 0
|r 2025-05-19 00:00:00
|w 2026-02-23
|
| 952 |
|
|
|a SNK
|b SNK
|y VYP
|7 0
|p 17A1452711
|o snkSB 96707 D1
|i snk2021/5702
|8 3
|g 16.30
|0 0
|1 0
|4 0
|d 2021-05-26
|l 0
|r 2026-02-23 22:28:19
|w 2026-02-23
|